00530nam a2200145 a 4500008004100000050002200041110004700063245005700110260006200167300001600229350000900245650002800254710004800282710005400330120416s2000 ||||||||||||||||| || u aGOV.ZAM(02)2000/3 aGovernment of the Republic of Zambia (GRZ)10aPig keeping: questions and answers, radio farm forum aLusakabMinistry of Agriculture, Food and Fisheriesc2000 a20p. : ill. a0.00 aSWINE--BREEDING--ZAMBIA aMinistry of Agriculture, Food and Fisheries aNational Agricultural Information Services (NAIS)